Propuesta de agro exportación de aguacate orgánico de la finca El Génesis hacia Estados Unidos, entre el periodo comprendido del 2007 al 2012
Presenta una propuesta de agro exportación de aguacate orgánico de la finca el Génesis a Estados Unidos entre el período comprendido del 2007-2012, introduciendo un cultivo diversificado con variedades precoz intermedia y tardía. A partir de la firma del CAFTA su puesta en marcha en el 2006, el...
| Main Authors: | , , |
|---|---|
| Other Authors: | |
| Format: | Tesis Section = Libro |
| Language: | Undetermined Spanish |
| Published: |
Managua
UNI
2006
|
| Subjects: |
| LEADER | 01600nam a2200265Ia 4500 | ||
|---|---|---|---|
| 008 | 240830s9999 xx 000 0 und d | ||
| 040 | |a BIBLIOTECA-RUPAP T.Mon 382.6 C797 | ||
| 041 | |a spa | ||
| 082 | |a T.Mon 382.6 C797 | ||
| 100 | 1 | |a Corea López, Yessenia Mireya | |
| 100 | 1 | |b León Miranda, Carlos Rodolfo | |
| 100 | 1 | |c Ortiz Gaitán, Vanessa Carolina | |
| 245 | 1 | 0 | |a Propuesta de agro exportación de aguacate orgánico de la finca El Génesis hacia Estados Unidos, entre el periodo comprendido del 2007 al 2012 |
| 260 | |a Managua |b UNI |c 2006 | ||
| 300 | |a 85 p. :il. | ||
| 502 | |a Tesis (Ingeniero de Sistemas)- UNI, 2006. | ||
| 520 | 3 | |a Presenta una propuesta de agro exportación de aguacate orgánico de la finca el Génesis a Estados Unidos entre el período comprendido del 2007-2012, introduciendo un cultivo diversificado con variedades precoz intermedia y tardía. A partir de la firma del CAFTA su puesta en marcha en el 2006, el aguacate es uno de los productos que podrá ser explotado a los Estados Unidos, ya que está en categoría libre de grabación arancelaria para su introducción. Identifica los requisitos necesarios para llevar a cabo la explotación del aguacate orgánico cultivado en la finca El Génesis. | |
| 650 | 7 | |a COMERCIO DE EXPORTACIÓN - AGUACATE ORGÁNICO - ESTADOS UNIDOS | |
| 650 | 7 | |b ANÁLISIS OFERTA Y DEMANDA | |
| 650 | 7 | |c COSTOS DE PRODUCCIÓN - CULTIVO DE AGUACATE | |
| 650 | 7 | |d PROPUESTA - AGRO EXPORTACIÓN - AGUACATE | |
| 700 | 1 | |a Tutor: |b Machado Bello, Xiomara Argentina | |
| 942 | |c BK |2 ddc | ||
| 991 | |a TESIS | ||
| 999 | |c 18120 | ||